• 首页
  • 本馆介绍
  • 公告通知
  • 最新文献
  • 馆藏检索
  • 电子资源
  • 读者导购
  • 参考咨询
  • 我的图书馆
  • 登录
  • 详细信息显示
  • 放入我的书架
  • 预约/预借图书
  • 作者相关作品
  • 分类相关作品
  • 丛书相关作品
  • 出版社相关作品

书目信息

  • 表格格式
  • 工作单格式
  • 卡片格式
题名:
俄中语言文化学中的“水”形象
    
 
作者: 王春牧 著
分册:  
出版信息: 哈尔滨   黑龙江大学出版社  2021
页数: 177页
开本: 24cm
丛书名:
单 册:
中图分类: H353.1
科图分类:
主题词: 词语--对比研究--俄语--汉语 , 汉语--语义 , 汉语--语义学 , 汉语--词汇 , 训诂
电子资源:
ISBN: 978-7-5686-0579-3
000 00777nam0 2200277 450
001 2439650570
005 20240907110115.96
010    @a978-7-5686-0579-3@dCNY42.00
100    @a20220215d2021 em y0chiy0120 ea
101 0  @arus@gchi
102    @aCN@b230000
105    @ay z 000yy
200 1  @a俄中语言文化学中的“水”形象@9e zhong yu yan wen hua xue zhong de “ shui ” xing xiang@b专著@f王春牧著
210    @a哈尔滨@c黑龙江大学出版社@d2021
215    @a177页@d24cm
606 0  @a词语@x对比研究@x俄语@x汉语
606 0  @a汉语@x语义
606 0  @a汉语@x语义学
606 0  @a汉语@x词汇
606 0  @a训诂
690    @aH353.1@v5
690    @v5
690    @aH13@v4
701  0 @a王春牧@9wang chun mu@4著
801  2 @aCN@b58marc.cn@c20220325
905    @aZUCC@dH13@e7
    
    俄中语言文化学中的“水”形象/王春牧著.-哈尔滨:黑龙江大学出版社,2021
    177页;24cm
    
    
    ISBN 978-7-5686-0579-3:CNY42.00
    
●
相关链接 在五车中查询图书 在当当中查询图书 在豆瓣中查询图书


正题名:俄中语言文化学中的"水"形象     索取号:H13/7         预约/预借

序号 登录号 条形码 馆藏地/架位号 状态 备注
1 2001761003   2001761003   第四书库/四26架A面1层3列/ [索取号:H13/7] 在馆    
2 2001761004   2001761004   第四书库/四26架A面1层3列/ [索取号:H13/7] 在馆    
3 2001761005   2001761005   第四书库/四26架A面1层3列/ [索取号:H13/7] 在馆    
4 2001761006   2001761006   第四书库/四26架A面1层3列/ [索取号:H13/7] 在馆    
5 2001761007   2001761007   第四书库/四26架A面1层3列/ [索取号:H13/7] 在馆    
6 2001761008   2001761008   第四书库/四26架A面1层3列/ [索取号:H13/7] 在馆    
山东省滨州职业学院图书馆 欢迎您!
大连网信软件有限公司© 版权所有